La muerte del Arte y la Estética

Uloženo v:
Podrobná bibliografie
Hlavní autor: Formaggio, Dino (Autor)
Médium: Kniha
Jazyk:španělština
Vydáno: Cuernavaca Grijalbo 1983
Vydání:1a. ed
Edice:Enlace Cultura y Sociedad
Témata:
Tagy: Přidat tag
Žádné tagy, Buďte první, kdo vytvoří štítek k tomuto záznamu!

MARC

LEADER 00000cam a2200000 a 4500
001 UCE0555
003 CL-VaPUC
008 140124e19830000mx |||||||||||||||||spa|d
020 |a 970.0503518 
082 0 4 |a 700.1  |b FOR  |2 21 
100 0 |a Formaggio, Dino  |e author  |9 572908 
245 1 3 |a La muerte del Arte y la Estética 
250 |a 1a. ed 
300 |a 373 p 
942 |c BK 
945 |d 20140124 15:34:00  |a dcastane 
260 |a Cuernavaca  |b Grijalbo  |c 1983 
650 0 |a Filosofía del arte  |9 264951 
650 0 |a Estética   |9 264950 
650 0 |a Crítica e interpretación   |9 255042 
583 |a last modification  |c 20140124 15:34:00  |k Rodrigo Vera 
490 0 |a Enlace Cultura y Sociedad 
999 |c 354638  |d 354636 
952 |0 0  |1 0  |3 erb  |4 0  |6 700_100000000000000_FOR_1983  |7 0  |8 A  |9 460618  |a BIBCUR  |b BIBCUR  |i 5051223  |o 700.1 FOR 1983  |p 5051223  |r 2025-04-22  |w 2019-11-23  |y BK  |z Catalogado en:20140124  |k PER